<The> Review of economics and statistics

Guardado en:
Detalles Bibliográficos
Formato: Seriadas
Lenguaje:inglés
Publicado: Amsterdam North-Holland Pub. Co. 1981
Etiquetas: Agregar Etiqueta
Sin Etiquetas, Sea el primero en etiquetar este registro!

MARC

LEADER 00000nas2a22000001 4500
001 s123315
005 20250730114217.9
041 0 |a eng 
044 |a NL 
245 1 0 |a <The> Review of economics and statistics 
264 1 |a Amsterdam  |b North-Holland Pub. Co.  |c 1981 
300 |a 1 zv. 
773 0 |w eu_un_cat*s121087